| 000 | 01060cab a22002655a 4500 | ||
|---|---|---|---|
| 001 | L140516 | ||
| 008 | 070925e20070922xxkd f s 000 0 eng d | ||
| 035 | _a(Sirsi) u140516 | ||
| 041 | 0 | _aeng | |
| 100 | 1 | _aMeadwell, Stacey | |
| 245 | 0 | 0 | _aIreland special |
| 260 | _c2007 | ||
| 490 | 0 |
_aEstates Gazette _v(0738) 22 September 2007, 171-191(17) |
|
| 520 | _aPresents predictions for the Dublin and Belfast property markets in 2008. Discusses the future for the republic's agencies post buy outs and mergers; the likely effects of the Dublin economy cool down on development projects; the Springfield retail park development scheme; proposed reform of the Northern Ireland planning system. | ||
| 590 | _aKA | ||
| 651 | 4 | _aIreland (Island of) | |
| 651 | 4 | _aEurope | |
| 690 | _aPROPERTY-COMMERCIAL PROPERTY-COMMERCIAL PROPERTY MARKET | ||
| 690 | _aPROPERTY-COMMERCIAL PROPERTY-COMMERCIAL PROPERTY DEVELOPMENT | ||
| 700 | 1 | _aPio Kivlehan, Noella | |
| 700 | 1 | _aMorrison, Adrian | |
| 700 | 1 | _aAlexander, Mark | |
| 700 | 1 | _aJack, Simon | |
| 942 | _n0 | ||
| 999 |
_c79294 _d79294 |
||